00596nam a22001457a 4500003000400000005001700004008004100021040001400062100003000076245017500106260000900281300002700290500010100317504003200418OSt20171010095527.0121004t xxu||||| |||| 00| 0 eng d aMMSUcULS aBalintag, Marie Grace B.  aIsolation and characterization of saccharomyces strains obtained from the juice of three different varieties of sweet sorghum (sorghum bicolor) cMarie Grace B. Balintag  c2008 axi, 27 leaves c28 cm. aThesis (BS Biology) -- Mariano Marcos State University-College of Arts and Sciences, Batac City  aBibliography: leaves 18-19